Brawl Stars Brawlers by Picture - Statistics

General Stats
  • This quiz has been taken 192 times
    32 since last reset
  • The average score is 94 of 104
Answer Stats
Picture Answer % Correct
Crow
100%
Nani
100%
8 - bit
96%
Amber
96%
Bea
96%
Bo
96%
Bonnie
96%
Buzz
96%
Byron
96%
Carl
96%
Chester
96%
Edgar
96%
Fang
96%
Frank
96%
Griff
96%
Grom
96%
Hank
96%
Leon
96%
Mandy
96%
Max
96%
Mico
96%
Penny
96%
Piper
96%
Sandy
96%
Shelly
96%
Spike
96%
Sprout
96%
Stu
96%
Trunk
96%
Alli
92%
Angelo
92%
Barley
92%
Berry
92%
Bibi
92%
Brock
92%
Bull
92%
Chuck
92%
Colt
92%
Cordelius
92%
Doug
92%
Draco
92%
Dynamike
92%
Gus
92%
Jacky
92%
Janet
92%
Jessie
92%
Kit
92%
Lily
92%
Meg
92%
Mortis
92%
Mr. P
92%
Ollie
92%
Pam
92%
Poco
92%
Rico
92%
Rosa
92%
R-T
92%
Sam
92%
Shade
92%
Sirius
92%
Squeak
92%
Surge
92%
Tick
92%
Ziggy
92%
Ash
88%
Clancy
88%
El Primo
88%
Emz
88%
Finx
88%
Gale
88%
Gene
88%
Glowy
88%
Juju
88%
Kenji
88%
Larry & Lawrie
88%
Maisie
88%
Melodie
88%
Moe
88%
Nita
88%
Tara
88%
Belle
83%
Buster
83%
Charlie
83%
Colette
83%
Damian
83%
Darryl
83%
Gigi
83%
Gray
83%
Kaze
83%
Lola
83%
Lou
83%
Meeple
83%
Mina
83%
Najia
83%
Pearl
83%
Pierce
83%
Bolt
79%
Eve
79%
Lumi
79%
Otis
79%
Ruffs
79%
Starr Nova
79%
Willow
79%
Jae-yong
75%
No matching quizzes found
Score Distribution
Percent of People with Each Score
Percentile by Number Answered
Your Score History
You have not taken this quiz since the last reset